000 00904cad a22002175a 4500
001 E154532
008 111219e20111214xxka f s000 0 eng d
035 _a(Sirsi) u154532
041 0 _aeng
100 1 _aCampbell, Allan
245 0 4 _aThe infrastructure investment plan 2011
_bfinancial scrutiny unit briefing
_h[electronic resource]
260 _aEdinburgh
_bScottish Parliament
_c2011
490 0 _aSPICe Briefing
_v(11/86) 14 December 2011
520 _aLooks at the recently released Scottisg Government Infrastructure Investment Plan (see E154449) and discusses how the Plan has been received by stakeholders.
521 _aAdvanced
590 _aKA
651 4 _aScotland
_y1999-
690 _aPROPERTY-INFRASTRUCTURE
856 4 0 _uhttps://www.scottish.parliament.uk/ResearchBriefingsAndFactsheets/SB_11-86.pdf
_zView the briefing free of charge at www.scottish.parliament.uk
942 _n0
999 _c113032
_d113032